| 000 | 00679nam a22001935i 4500 | ||
|---|---|---|---|
| 001 | 156574 | ||
| 003 | ES-MaACL | ||
| 005 | 20230906210438.0 | ||
| 008 | 040802s1875 gw |||| | eng d | ||
| 040 |
_aCAM _bspa _cCAM |
||
| 100 | 1 |
_aKavanagh, Julia. _9128431 |
|
| 245 | 1 | 0 |
_aJohn Dorrien / _cby Julia Kavanagh. |
| 260 |
_aLeipzig : _bBernhard Tauchnitz, _c1875. |
||
| 300 |
_a3 v. (312; 310; 287 p.) ; _c16 cm. |
||
| 490 | 1 |
_aCollectin of british authors ; _v1482; 1483; 1484 |
|
| 830 | 0 |
_aCollectin of british authors ; _v1482; 1483; 1484 _9188157 |
|
| 852 |
_aES-MaACL _jG-11589 _z-- Enc. hol. conservando las cub. originales _z-- 3 t. en 1 v. |
||
| 999 |
_c156574 _d156574 |
||